000 00845nam a2200241Ia 4500
003 GCL
008 140319s9999 xx 000 0 ara d
040 _aGCL /
_cGCL
082 0 4 _a320.9
_bم ل
100 1 _aمحمد احمد محجوب
245 1 0 _aالديمقراطية فى الميزان تأملات فى السياسات العربية والافريقية /
_cمحمد احمد محجوب
260 _a[S.N] :
_bدار جامعة الخرطوم للنشر ،
_c1989
300 _a349 ص
490 _a
650 0 4 _aالعالم العربى
650 0 4 _aالاحوال السياسية
650 0 4 _aالشرق الاوسط
650 0 4 _aالديمقراطية
650 0 4 _aافريقيا
650 0 4 _aالوحدة العربية
650 0 4 _aالاستعمار فى البلاد العربية
942 _2ddc
_cBK
999 _c35908
_d35908